书目信息 |
| 题名: |
新编钢水精炼暨铁水预处理1500问
|
|
| 作者: | 成国光 主编 | |
| 分册: | ||
| 出版信息: | 北京 中国科学技术出版社 2007.03 |
|
| 页数: | 350页 | |
| 开本: | 26cm | |
| 丛书名: | ||
| 单 册: | ||
| 中图分类: | TF769-44 | |
| 科图分类: | ||
| 主题词: | 钢水--二次精炼(冶金) , 钢水--炉外精炼 | |
| 电子资源: | ||
| ISBN: | 978-7-5046-4627-9 | |
| 000 | 00723nam0 2200217 450 | |
| 001 | 0934488840 | |
| 005 | 20091217093722.99 | |
| 010 | @a978-7-5046-4627-9@dCNY89.00 | |
| 100 | @a20091217d2007 km y0chiy0120 ea | |
| 101 | 0 | @achi |
| 102 | @aCN@b110000 | |
| 200 | 1 | @a新编钢水精炼暨铁水预处理1500问@Axin bian gang shui jing lian ji tie shui yu chu li 1500 wen@f成国光等主编@Fcheng guo guang deng zhu bian |
| 210 | @a北京@c中国科学技术出版社@d2007.03 | |
| 215 | @a350页@d26cm | |
| 300 | @a冶金科学技术普及读物 | |
| 606 | 0 | @a钢水@x二次精炼(冶金) |
| 606 | 0 | @a钢水@x炉外精炼 |
| 690 | @aTF769-44@v4 | |
| 701 | 0 | @a成国光@Acheng guo guang@4主编 |
| 801 | 0 | @aCN@b山东省滨州职业学院图书馆@c20091217 |
| 905 | @aBZT@dTF769-44@e1 | |
| 新编钢水精炼暨铁水预处理1500问/成国光等主编.-北京:中国科学技术出版社,2007.03 |
| 350页;26cm |
| 冶金科学技术普及读物 |
| ISBN 978-7-5046-4627-9:CNY89.00 |
| ● |
| 相关链接 |
|
|
|
正题名:新编钢水精炼暨铁水预处理1500问
索取号:TF769-44/1
 
预约/预借
| 序号 | 登录号 | 条形码 | 馆藏地/架位号 | 状态 | 备注 |
| 1 | 728320 | 2000728320 | 样本书库/样006架A面3层1列/ [索取号:TF769-44/1] | 在馆 | |
| 2 | 728321 | 2000728321 | 中心书库中库/ 中库028架A面5列4层36/ [索取号:TF769-44/1] | 在馆 | |
| 3 | 728322 | 2000728322 | 中心书库中库/ 中库028架A面5列4层37/ [索取号:TF769-44/1] | 在馆 | |
| 4 | 728323 | 2000728323 | 中心书库中库/ 中库028架A面5列4层38/ [索取号:TF769-44/1] | 在馆 | |
| 5 | 728324 | 2000728324 | 中心书库中库/ 中库028架A面5列4层39/ [索取号:TF769-44/1] | 在馆 | |
| 6 | 728325 | 2000728325 | 中心书库中库/ 中库028架A面5列4层40/ [索取号:TF769-44/1] | 在馆 |